| 000 | 00889nam0a22002651 4500 | ||
|---|---|---|---|
| 001 | rc\509693 | ||
| 005 | 20250621112811.0 | ||
| 035 | _a(NLR Aleph) 005749847 | ||
| 090 |
_a4828010 _c4828010 |
||
| 100 | _a20030616d1987 |||y0rusy50 ca | ||
| 101 | 0 | _arus | |
| 102 | _aRU | ||
| 105 | _aa ||||||||| | ||
| 200 | 1 |
_aКрепление сопряжений лав _fА.П. Широков, В.А. Лидер, А.И. Петров |
|
| 210 |
_aМ. _cНедра _d1987 |
||
| 215 |
_a192, [1] с. _cил. _d21 |
||
| 320 | _aБиблиогр.: с. 190-191 (38 назв.) | ||
| 700 | 1 |
_aШироков _bА.П. _gАнатолий Павлович |
|
| 701 | 1 |
_aЛидер _bВ.А. _gВиктор Андреевич |
|
| 701 | 1 |
_aПетров _bА.И. _gАнатолий Иванович |
|
| 801 | 0 |
_aRU _bNLR _gpsbo |
|
| 801 | 1 |
_aRU _bELAR _2rusmarc |
|
| 852 |
_aNLR _j87-3/10591 |
||
| 942 | _cBOOK | ||
| 980 | _aNB | ||